Fray Perico y su borrico / (Registro nro. 8953)

Detalles MARC
000 -LIDER
fixed length control field 00823nam a2200313 4500
001 - NÚMERO DE CONTROL
Identificador de número de control 46573
003 - IDENTIFICACDOR DE NÚMERO DE CONTROL
control field DO-SdBNP
005 - DATE AND TIME OF LATEST TRANSACTION
control field 20180219145939.0
007 - CAMPOS FIJOS DE DESCRIPCIÓN FÍSICA
fixed length control field 46573
008 - ELEMENTOS DE LONGITUD FIJA
fixed length control field 030421 2001 sp a | ||spa
016 7# - NO. DE CONTROL DE LA AGENCIA BIB. NACIONAL
Record control number
Source BPMSU
017 ## - NÚMERO DE REGISTRO DE DERECHOS DE AUTOR
Copyright or legal deposit number
Assigning agency
020 ## - ISBN
International Standard Book Number 8434808633
035 ## - NÚMERO LOCAL
System control number
040 ## - FUENTE DE CATALOGACIÓN
Agencia que crea de manera original el registro BPMSU
Idioma de catalogación spa
Agencia que realiza la transcripción BPMSU
Convenciones de la despripción
080 #0 - NÚMERO DE CLASIFICACIÓN DECIMAL UNIVERSAL
Universal Decimal Classification number
100 2# - ASIENTO PRINCIPAL -- NOMBRE PERSONAL
Nombre personal Muñoz Martín, Juan
245 10 - MENCIÓN DE TITULO
Título Fray Perico y su borrico /
Mención de responsabilidad Juan Muñoz Martín
Medio (Designación general de material)
250 ## - MENCIÓN DE EDICION
Mención de edición 39ª ed.
260 ## - PUBLICACIÓN, DISTRIBUCIÓN, ETC. (PIE DE IMPRENTA)
Lugar de publicación, distribución, etc Madrid :
Nombre del editor, distribuidor, etc. SM,
Fecha de publicación, distribución, etc 2001.
300 ## - DESCRIPCIÓN FÍSICA
Extensión 124 p. ;
Otros detalles físicos il.:
Dimensiones 20 cm.
490 0# - MENCIÓN DE SERIES
Mención de serie El barco de vapor.
Volume/sequential designation 3
521 ## - TARGET AUDIENCE NOTE
Target audience note A partir de 9 años.
586 ## - AWARDS NOTE
Awards note Premio El barco de vapor, 1979
830 ## - ASIENTO SECUNDARIO DE SERIE--TÍTULO UNIFORME
Título uniforme El barco de vapor.
Volume number/sequential designation 3
Información miscelánea Naranja
942 ## - ADDED ENTRY ELEMENTS (KOHA)
Source of classification or shelving scheme Dewey Decimal Classification
Koha item type Libros
945 ## - INFORMACIÓN DE PROCESAMIENTO LOCAL
Información de procesamiento local Inventariado, 2018/ YL
956 ## - LOCAL ELECTRONIC LOCATION AND ACCESS (OCLC)
Nombre de host VMATEO
Método de acceso 10
Materiales especificados 20151130
Enlace BPSMU
Campo enlazado y núm. de secuencia 00151
Existencias
Withdrawn status Lost status Source of classification or shelving scheme Damaged status Not for loan Collection code Home library Current library Date acquired Source of acquisition Total Checkouts Barcode Date last seen Price effective from Koha item type
    Dewey Decimal Classification     Colección Infantil General Biblioteca Pública Metropolitana Salomé Ureña Biblioteca Pública Metropolitana Salomé Ureña 11/30/2015 FUNDI   BPMSU15110537 11/30/2015 11/30/2015 Libros